000 00547nam a22001815i 4500
001 175576
003 ES-MaACL
005 20231227182308.0
008 101108s1926 sp |||| | spa d
080 _a821.134.2-31"19"
100 1 _aFernández Flórez, Wenceslao,
_d1885-1964
_949790
245 1 4 _aLas siete columnas
_b: novela /
_cWenceslao Fernández Flórez.
250 _a2ª ed.
260 _aMadrid :
_bAtlántida,
_ccop. 1926.
300 _a321, [3] p. ;
_c19 cm.
852 _aES-MaACL
_jE-13464
999 _c175576
_d175576